[Event "Lichtenrader Herbst"]
[Site "Berlin"]
[Date "2010.10.17"]
[Round "2.18"]
[White "Binder, Thomas"]
[Black "Hein, Carsten"]
[Result "0-1"]
[WhiteElo "1905"]
[BlackElo "2165"]
[PlyCount "110"]
[EventDate "2010.??.??"]
[WhiteTeam "SF Siemensstadt"]
[BlackTeam "SC Empor Potsdam 1952 e.V."]

1. e4 e5 2. Nf3 Nc6 3. Bb5 a6 4. Ba4 Nf6 5. O-O Be7 6. Re1 b5 7. Bb3 O-O 8. c3
d5 9. exd5 Nxd5 10. Nxe5 Nxe5 11. Rxe5 c6 12. d4 Bd6 13. Re1 Qh4 14. g3 Qh3 15.
Qd3 Bg4 16. Bxd5 cxd5 17. Qf1 Qh5 18. f4 Rae8 19. Be3 Re6 20. Nd2 Rfe8 21. Qf2
Rf6 22. Nf1 g5 23. Bd2 Ree6 24. Rxe6 fxe6 25. Re1 Qg6 26. Re5 gxf4 27. Bxf4
Bxe5 28. dxe5 Rf8 29. Ne3 Bh3 30. Qc2 Bf5 31. Nxf5 Rxf5 32. Qd2 h5 33. h4 Rf7
34. Kg2 b4 35. Kh2 Rc7 36. Bg5 bxc3 37. bxc3 Rb7 38. Bf6 Kh7 39. Qe2 Rb1 40.
Bg5 Rb6 41. Qf2 Rb7 42. Qe2 Kg8 43. Bc1 Rc7 44. Qb2 Rf7 45. Bf4 Kh7 46. Qe2 Rb7
47. Bc1 a5 48. Bb2 d4 49. Qg2 Rc7 50. Qd2 d3 51. Qf4 Rf7 52. Qe3 Qf5 53. Bc1
Qf2+ 54. Kh1 Qf1+ 55. Qg1 Qh3+ 0-1

[Event "Lichtenrader Herbst"]
[Site "Berlin"]
[Date "2010.10.17"]
[Round "2.19"]
[White "Jaeschke, Jens-Uwe"]
[Black "Yuan, Yizheng"]
[Result "1-0"]
[WhiteElo "2158"]
[BlackElo "1893"]
[PlyCount "29"]
[EventDate "2010.??.??"]
[WhiteTeam "Sfr.Nord-Ost Berlin"]
[BlackTeam "Schachpinguine Berlin e.V."]

1. d4 Nf6 2. Nf3 g6 3. Nc3 d5 4. Bf4 Bg7 5. Qd2 O-O 6. Bh6 b6 7. h4 c5 8. Bxg7
Kxg7 9. h5 e6 10. O-O-O Qc7 11. e4 dxe4 12. Ng5 Bb7 13. hxg6 hxg6 14. Ngxe4 Nh5
15. Rxh5 1-0

[Event "Lichtenrader Herbst"]
[Site "Berlin"]
[Date "2010.10.17"]
[Round "2.20"]
[White "Maahs, Erich"]
[Black "Sicora, Carsten"]
[Result "1-0"]
[WhiteElo "2124"]
[BlackElo "1932"]
[PlyCount "83"]
[EventDate "2010.??.??"]
[WhiteTeam "SC Concordia SAbt Palame"]
[BlackTeam "vereinslos"]

1. e4 e6 2. Qe2 Be7 3. g3 Nf6 4. d3 d5 5. Nf3 O-O 6. Bg2 c5 7. O-O Nc6 8. e5
Nd7 9. c3 Qc7 10. Re1 b5 11. Nbd2 a5 12. h4 Ba6 13. Nf1 b4 14. Bf4 Rab8 15.
Rac1 bxc3 16. bxc3 Rb6 17. g4 Rfb8 18. g5 Rb2 19. Rc2 Qb6 20. Rec1 Rxc2 21.
Rxc2 Qb1 22. Kh2 a4 23. Ne3 a3 24. Nd2 Qb5 25. c4 Qa4 26. Nb3 Nb4 27. Rd2 d4
28. Nf5 exf5 29. e6 fxe6 30. Bxb8 Kf7 31. Bf4 Nxa2 32. Rxa2 Qxb3 33. Bc1 Bd6+
34. Kg1 Ne5 35. Rxa3 Qb1 36. Qb2 Qxb2 37. Bxb2 Bxc4 38. dxc4 Nxc4 39. Ra7+ Kg6
40. Bc1 e5 41. Bd5 Bb8 42. Bf7# 1-0

[Event "Lichtenrader Herbst"]
[Site "Berlin"]
[Date "2010.10.18"]
[Round "3.2"]
[White "Hein, Carsten"]
[Black "Rabiega, Robert"]
[Result "0-1"]
[WhiteElo "2165"]
[BlackElo "2515"]
[PlyCount "58"]
[EventDate "2010.??.??"]
[WhiteTeam "SC Empor Potsdam 1952 e.V."]
[BlackTeam "SK König Tegel 1949 e.V."]

1. Nf3 Nc6 2. d4 d5 3. c4 Bg4 4. Nc3 e6 5. e3 Bb4 6. cxd5 exd5 7. Be2 Nf6 8.
Bd2 O-O 9. a3 Bxc3 10. Bxc3 Ne4 11. Rc1 Re8 12. O-O a6 13. Nd2 Bxe2 14. Qxe2
Qd7 15. Nxe4 Rxe4 16. b4 Na7 17. f3 Re6 18. Qf2 Nb5 19. Bb2 Rae8 20. Rfe1 c6
21. e4 dxe4 22. fxe4 Rxe4 23. Rxe4 Rxe4 24. d5 cxd5 25. Qg3 d4 26. Rd1 h6 27.
a4 Nd6 28. Rc1 Nf5 29. Qb8+ Kh7 0-1

[Event "Lichtenrader Herbst"]
[Site "Berlin"]
[Date "2010.10.18"]
[Round "3.3"]
[White "Stern, Rene"]
[Black "Maahs, Erich"]
[Result "1-0"]
[WhiteElo "2506"]
[BlackElo "2124"]
[PlyCount "119"]
[EventDate "2010.??.??"]
[WhiteTeam "SK König Tegel 1949 e.V."]
[BlackTeam "SC Concordia SAbt Palame"]

1. d4 Nf6 2. c4 e6 3. Nc3 b6 4. a3 Bb7 5. d5 exd5 6. cxd5 Be7 7. g3 O-O 8. Bg2
d6 9. Nf3 a5 10. Nd4 Re8 11. O-O Nbd7 12. b3 Bf8 13. Bb2 Nc5 14. Rc1 Qd7 15.
Qc2 Be7 16. Rfd1 Bd8 17. h3 g6 18. e3 Qe7 19. Kh2 Qf8 20. b4 axb4 21. axb4 Na6
22. Qb3 Qh6 23. Nc6 Ng4+ 24. Kg1 Nxf2 25. Kxf2 Qxe3+ 26. Kf1 Bxc6 27. dxc6 Re5
28. Rd5 Rxd5 29. Bxd5 Qxg3 30. Ne4 Qxb3 31. Bxb3 Nxb4 32. Nxd6 Bg5 33. Ra1
Rxa1+ 34. Bxa1 Nxc6 35. Nxf7 Na5 36. Ba2 Be3 37. Ng5+ Kf8 38. Ne6+ Ke7 39. Nxc7
Bc5 40. Nd5+ Kf8 41. Nf6 h6 42. Bd5 g5 43. Be5 Be3 44. Ke2 Bg1 45. Kd3 b5 46.
Bc3 Nc4 47. Bxc4 bxc4+ 48. Ke4 Kf7 49. Kf5 Bc5 50. Ng4 Bf8 51. Ne5+ Kg8 52.
Nxc4 Kh7 53. Nb6 Ba3 54. Nd7 Bc1 55. Kf6 h5 56. Kf7 Ba3 57. Nf6+ Kh6 58. Ng8+
Kh7 59. Bg7 Be7 60. Nxe7 1-0

[Event "Lichtenrader Herbst"]
[Site "Berlin"]
[Date "2010.10.18"]
[Round "3.4"]
[White "Witt, Ronald"]
[Black "Richter, Michael"]
[Result "0-1"]
[WhiteElo "2104"]
[BlackElo "2459"]
[PlyCount "172"]
[EventDate "2010.??.??"]
[WhiteTeam "Schachfreunde Zehdenick 76 e.V."]
[BlackTeam "Schachpinguine Berlin e.V."]

1. e4 e6 2. d4 d5 3. Nc3 Nf6 4. Bg5 Bb4 5. e5 h6 6. Bd2 Bxc3 7. bxc3 Ne4 8. Bd3
Nxd2 9. Qxd2 c5 10. f4 Nc6 11. Nf3 Qa5 12. c4 Qxd2+ 13. Kxd2 dxc4 14. Bxc4 Nxd4
15. Nxd4 cxd4 16. Kd3 Ke7 17. Kxd4 Bd7 18. Rhd1 Bc6 19. g3 Rac8 20. Ke3 g5 21.
Rd2 Rhg8 22. Rad1 gxf4+ 23. gxf4 Rg4 24. Bd3 Rh4 25. Rg1 Bd5 26. Rf2 Rc3 27.
Kd4 Rc8 28. c4 Bc6 29. Rg3 a6 30. Kc3 Rd8 31. Bc2 a5 32. Re3 Rg8 33. Be4 Bxe4
34. Rxe4 Rh3+ 35. Kd4 Kd7 36. Re3 Rxe3 37. Kxe3 Rg1 38. Rd2+ Kc7 39. Kd4 Kc6
40. Kc3 Rf1 41. Rd6+ Kc5 42. Rd7 Rf3+ 43. Kb2 Rxf4 44. Rxb7 Kxc4 45. Rd7 Rf2+
46. Ka3 Rxh2 47. Rxf7 Rh5 48. Rh7 Kd4 49. Ka4 Rh2 50. a3 Rh3 51. Ra7 h5 52.
Rxa5 Re3 53. Kb4 Rxe5 54. Ra8 Re1 55. Rd8+ Ke4 56. Rh8 Rh1 57. a4 h4 58. a5 h3
59. a6 h2 60. a7 Ra1 61. Rxh2 Rxa7 62. Re2+ Kd5 63. Kc3 Ra3+ 64. Kb2 Rd3 65.
Kc2 Rd4 66. Kc3 e5 67. Rh2 Ra4 68. Rh8 Ra3+ 69. Kd2 Kd4 70. Rd8+ Ke4 71. Rh8
Rg3 72. Ke2 Rg2+ 73. Kf1 Rd2 74. Rh3 Rd3 75. Rh8 Ke3 76. Ke1 e4 77. Rh3+ Kd4
78. Rh8 Ra3 79. Ke2 Ra2+ 80. Ke1 Kd3 81. Rd8+ Ke3 82. Kf1 Rd2 83. Ra8 Rd1+ 84.
Kg2 Ke2 85. Ra2+ Rd2 86. Ra8 e3 {Zü.} 0-1

[Event "Lichtenrader Herbst"]
[Site "Berlin"]
[Date "2010.10.18"]
[Round "3.7"]
[White "Dauth, Benjamin"]
[Black "Kropman, Alexei"]
[Result "1-0"]
[WhiteElo "2322"]
[BlackElo "2055"]
[PlyCount "107"]
[EventDate "2010.??.??"]
[WhiteTeam "SC Rotation Pankow e.V."]
[BlackTeam "TuS Makkabi Berlin e.V."]

1. e4 e5 2. Bc4 Nf6 3. d4 exd4 4. Nf3 Nc6 5. O-O Nxe4 6. Re1 d5 7. Bxd5 Qxd5 8.
Nc3 Qa5 9. Nxe4 Be6 10. Neg5 O-O-O 11. Nxe6 fxe6 12. Rxe6 Bd6 13. Bg5 Rde8 14.
Qe2 Kd7 15. Rxe8 Rxe8 16. Qd3 g6 17. Bd2 Qd5 18. c3 Ne5 19. Nxe5+ Qxe5 20. Qh3+
Qf5 21. Qxf5+ gxf5 22. cxd4 Re2 23. Rd1 Kc6 24. Kf1 Re4 25. Bc3 Kd5 26. Rd3 Rh4
27. h3 Re4 28. g3 f4 29. g4 Re6 30. h4 Rg6 31. f3 Re6 32. Be1 Kc4 33. Rd1 Re3
34. Rc1+ Kd5 35. Rc3 Re7 36. Bf2 b5 37. Rc2 a5 38. b3 c6 39. Re2 Ra7 40. h5 Re7
41. Rxe7 Bxe7 42. Ke2 a4 43. bxa4 bxa4 44. Kd3 Bf6 45. Bg1 Be7 46. Bh2 Bg5 47.
Kc3 c5 48. dxc5 Kxc5 49. Bg1+ Kd5 50. Bb6 Kc6 51. Ba5 Kb5 52. Bc7 Kc5 53. Kd3
Kb5 54. Ke4 1-0

[Event "Lichtenrader Herbst"]
[Site "Berlin"]
[Date "2010.10.18"]
[Round "3.8"]
[White "Kropik, Martin"]
[Black "Radovanovic, Jovica"]
[Result "1/2-1/2"]
[WhiteElo "2084"]
[BlackElo "2305"]
[PlyCount "73"]
[EventDate "2010.??.??"]
[WhiteTeam "SK Zwettl"]
[BlackTeam "SK Aleksandar Matanovic"]

1. d4 Nf6 2. c4 c6 3. Nc3 d5 4. Bg5 dxc4 5. a4 h6 6. Bxf6 exf6 7. e4 Bb4 8.
Bxc4 O-O 9. Nge2 a5 10. O-O Na6 11. Qd3 Bd6 12. f4 Nb4 13. Qf3 Be6 14. b3 f5
15. e5 Be7 16. Rad1 Qb6 17. Kh1 Rad8 18. Bxe6 fxe6 19. g4 c5 20. gxf5 cxd4 21.
f6 Bxf6 22. exf6 dxc3 23. fxg7 Rf7 24. Rxd8+ Qxd8 25. Nxc3 Qd3 26. Ne4 Qxf3+
27. Rxf3 Kxg7 28. Rg3+ Kh7 29. Nd6 Rxf4 30. Nxb7 Nc6 31. Rc3 Rb4 32. Rxc6 Rxb7
33. Rxe6 Rxb3 34. Ra6 Ra3 35. Rxa5 Ra2 36. h4 Kg7 37. h5 1/2-1/2

[Event "Lichtenrader Herbst"]
[Site "Berlin"]
[Date "2010.10.18"]
[Round "3.11"]
[White "Schmidt, Juergen"]
[Black "Reichenbach, Werner"]
[Result "1/2-1/2"]
[WhiteElo "2034"]
[BlackElo "2261"]
[PlyCount "58"]
[EventDate "2010.??.??"]
[WhiteTeam "SC Kreuzberg e.V."]
[BlackTeam "SK Zehlendorf e.V."]

1. e4 g6 2. d4 Bg7 3. Nf3 d6 4. Bc4 c6 5. O-O d5 6. exd5 cxd5 7. Bb3 Nc6 8. Ne5
e6 9. Ba4 Nge7 10. Nd2 Qb6 11. Ndf3 O-O 12. Bxc6 Nxc6 13. c3 Ne7 14. h4 f6 15.
Nd3 Bd7 16. Re1 Rae8 17. Qb3 Qxb3 18. axb3 Nc6 19. b4 a6 20. Bf4 Bc8 21. Bd6
Rf7 22. Re2 e5 23. dxe5 fxe5 24. Nfxe5 Rf6 25. Bc7 Bf5 26. Re3 Bh6 27. Nc4 dxc4
28. Rxe8+ Kf7 29. Rae1 Bd2 1/2-1/2

[Event "Lichtenrader Herbst"]
[Site "Berlin"]
[Date "2010.10.18"]
[Round "3.12"]
[White "Gruzmann, Boris"]
[Black "Jaeger, Andre"]
[Result "1-0"]
[WhiteElo "2236"]
[BlackElo "2032"]
[PlyCount "61"]
[EventDate "2010.??.??"]
[WhiteTeam "TuS Makkabi Berlin e.V."]
[BlackTeam "SC Rochade e.V."]

1. e4 c5 2. Nf3 Nc6 3. d4 cxd4 4. Nxd4 e5 5. Nb5 d6 6. c4 Be7 7. N1c3 a6 8. Na3
Be6 9. Nc2 Rc8 10. Nd5 Bg5 11. Be2 Nh6 12. O-O Bxc1 13. Rxc1 O-O 14. Nde3 Ne7
15. b3 f5 16. exf5 Nhxf5 17. Bf3 Rc7 18. Be4 Rd7 19. Qd3 g6 20. Rcd1 Qa5 21. a4
Nxe3 22. Nxe3 Nc6 23. Bxg6 Nd4 24. Be4 Rg7 25. Nc2 d5 26. cxd5 Bxd5 27. Nxd4
Bxe4 28. Qxe4 Rf4 29. Nc6 bxc6 30. Qxc6 h6 31. Rd5 1-0

[Event "Lichtenrader Herbst"]
[Site "Berlin"]
[Date "2010.10.18"]
[Round "3.13"]
[White "Wiezer, Siegfried"]
[Black "Meissner, Hans-Juergen"]
[Result "0-1"]
[WhiteElo "2034"]
[BlackElo "2233"]
[PlyCount "138"]
[EventDate "2010.??.??"]
[WhiteTeam "SV Königsjäger Süd-West e.V."]
[BlackTeam "SV Empor Berlin e.V."]

1. Nf3 Nf6 2. b3 g6 3. Bb2 Bg7 4. e3 O-O 5. Be2 d6 6. d4 Nbd7 7. Nbd2 b6 8. c4
e6 9. Qc2 Bb7 10. O-O c5 11. Ne1 Qc7 12. Rc1 Rfe8 13. Bd3 Rac8 14. Qd1 Qb8 15.
f4 cxd4 16. exd4 d5 17. g3 Red8 18. Nef3 Ne8 19. Qe2 Nd6 20. Ne5 dxc4 21. bxc4
Nf8 22. h4 Ba8 23. Kh2 Qb7 24. Bc3 Nf5 25. Bxf5 exf5 26. d5 Qa6 27. Rfe1 Re8
28. Qd3 Rcd8 29. Qb1 b5 30. cxb5 Qb6 31. Rf1 Bxd5 32. Rce1 Qc7 33. Ba1 Ne6 34.
Rc1 Qa5 35. Ndc4 Qc7 36. Na3 Qb6 37. Nec4 Bxc4 38. Nxc4 Qb7 39. Bxg7 Nxg7 40.
Qb2 Nh5 41. Ne5 Nf6 42. Nc6 Ng4+ 43. Kh3 Rd3 44. Rfd1 Rde3 45. Rc2 h5 46. a4
R3e4 47. Nd8 Qb6 48. a5 Qxa5 49. Nb7 Qb4 50. Nd6 Qxb2 51. Rxb2 Re2 52. Rdd2
Rxd2 53. Rxd2 Rd8 54. Nc4 Rxd2 55. Nxd2 Ne3 56. Nb3 Nd1 57. Kg2 Nc3 58. Nd4 Kf8
59. Kf2 Ke8 60. Ke3 Kd7 61. Kd3 Ne4 62. Nc6 Kc7 63. Nxa7 Kb6 64. Nc6 Kxb5 65.
Ne5 Nd6 66. Kd4 Kb6 67. Kd5 Kc7 68. Nxf7 Nxf7 69. Ke6 Nd6 0-1

[Event "Lichtenrader Herbst"]
[Site "Berlin"]
[Date "2010.10.18"]
[Round "3.14"]
[White "Noetzel, Felix"]
[Black "Dimitrijeski, Kristian"]
[Result "1/2-1/2"]
[WhiteElo "2025"]
[BlackElo "2192"]
[PlyCount "97"]
[EventDate "2010.??.??"]
[WhiteTeam "SC Borussia Friedrichsfelde 1920"]
[BlackTeam "SK König Tegel 1949 e.V."]

1. e4 c6 2. d4 d5 3. exd5 cxd5 4. Bd3 Nc6 5. c3 Nf6 6. Bf4 Bg4 7. f3 Bh5 8. Na3
a6 9. Nc2 e6 10. Ne2 Bd6 11. Ne3 O-O 12. O-O b5 13. Qd2 Na5 14. Rae1 Nc4 15.
Qc1 Rc8 16. Nxc4 bxc4 17. Bb1 Rb8 18. Rf2 Rb6 19. Ng3 Bxf4 20. Qxf4 Bg6 21.
Bxg6 hxg6 22. Qg5 Nd7 23. Qg4 Qc7 24. h4 Rfb8 25. Ree2 R8b7 26. Qg5 Nf6 27. Kh2
Qb8 28. Qc1 Nh5 29. f4 Nf6 30. Kh3 Qc8 31. Re5 Nd7 32. Ree2 Nf6 33. Re5 Qb8 34.
Ree2 a5 35. a3 Rb3 36. Qa1 Qc8 37. Re5 Nd7 38. Ree2 Nb6 39. Kh2 Na4 40. h5 gxh5
41. Nxh5 Qb8 42. Qe1 g6 43. Nf6+ Kg7 44. Rf3 Rxb2 45. Rxb2 Rxb2 46. Qh4 Qh8 47.
Ne8+ Qxe8 48. Rh3 Qb8 49. Qh6+ 1/2-1/2

[Event "Lichtenrader Herbst"]
[Site "Berlin"]
[Date "2010.10.18"]
[Round "3.15"]
[White "Boettcher, Patrick"]
[Black "Nosek, Reinhard"]
[Result "0-1"]
[WhiteElo "2177"]
[BlackElo "1924"]
[PlyCount "96"]
[EventDate "2010.??.??"]
[WhiteTeam "SC Zitadelle Spandau 1977 e.V."]
[BlackTeam "Schachfreunde Torgau e. V."]

1. e4 c5 2. Nf3 d6 3. d4 cxd4 4. Nxd4 Nf6 5. Nc3 a6 6. Be2 e5 7. Nb3 Be7 8. O-O
Be6 9. Be3 b5 10. a4 b4 11. Nd5 Nxd5 12. exd5 Bc8 13. a5 Nd7 14. f4 O-O 15.
fxe5 Nxe5 16. Qd2 Bg4 17. Rf4 Qc8 18. Rxb4 Qf5 19. Raa4 h5 20. Rb7 Bf6 21. Nd4
Qc8 22. Rb6 Re8 23. Bxg4 Nxg4 24. Rc6 Qd7 25. Bf4 Re4 26. Rac4 Rae8 27. Nf3
Qa7+ 28. Kf1 Re2 29. Qxe2 Rxe2 30. Kxe2 g5 31. Bg3 Qe3+ 32. Kf1 Bxb2 33. Rxd6
h4 34. Rxg4 hxg3 35. Rxg5+ Kf8 36. Rxg3 Qc1+ 37. Ke2 Qxc2+ 38. Nd2 Be5 39. Rd8+
Ke7 40. Rgg8 Bf4 41. d6+ Kf6 42. d7 Qxd2+ 43. Kf3 Qe3+ 44. Kg4 Bc7 45. Ra8 Qf4+
46. Kh3 Qxh2+ 47. Kg4 Qxg2+ 48. Kh4 Qh2+ 0-1

[Event "Lichtenrader Herbst"]
[Site "Berlin"]
[Date "2010.10.18"]
[Round "3.16"]
[White "Wege, Hermann"]
[Black "Cusnariov, Nicolai"]
[Result "0-1"]
[WhiteElo "1952"]
[BlackElo "2170"]
[PlyCount "140"]
[EventDate "2010.??.??"]
[WhiteTeam "Schachclub Rathenow e.V."]
[BlackTeam "USV Potsdam e.V., Abt. Schach"]

1. Nf3 c5 2. g3 Nc6 3. Bg2 Nf6 4. O-O g6 5. d3 Bg7 6. e4 O-O 7. Nbd2 d5 8. Re1
e5 9. c3 Re8 10. Qe2 h6 11. h3 Be6 12. Nf1 Qd7 13. g4 dxe4 14. dxe4 Rad8 15.
Ng3 Qd3 16. Qxd3 Rxd3 17. Be3 c4 18. Bf1 Rd7 19. Red1 Red8 20. Rxd7 Rxd7 21. a4
Ne8 22. a5 a6 23. Kg2 Rc7 24. Ra4 Ne7 25. Nd2 Nd6 26. Ra1 Bf8 27. Be2 Kg7 28.
f4 exf4 29. Bxf4 Nec8 30. Nf3 Rc5 31. Nd4 Bd7 32. Bf3 f6 33. Be3 Re5 34. Bf4
Re8 35. Rd1 Ba4 36. Rd2 Nf7 37. Be2 Ncd6 38. Bf3 Ne5 39. Bxe5 Rxe5 40. h4 Kf7
41. h5 Rxa5 42. hxg6+ Kxg6 43. Ndf5 Nf7 44. Rd5 Rb5 45. Nh4+ Kh7 46. Rd2 Ne5
47. Be2 Kg7 48. Ngf5+ Kf7 49. Nd4 Rc5 50. Kf2 Rc7 51. Ke3 h5 52. Nhf5 hxg4 53.
Kf4 Bc6 54. Nxc6 Rxc6 55. Bxg4 Nxg4 56. Kxg4 b5 57. Rd5 Rb6 58. Kf4 b4 59. Ke3
b3 60. Kd4 Ba3 61. Kxc4 Bxb2 62. Nd4 Bxc3 63. Nxb3 Be5 64. Nd4 Rb1 65. Rd7+ Kg6
66. Ra7 Rc1+ 67. Kd3 Rd1+ 68. Ke2 Rxd4 69. Rxa6 Rxe4+ 70. Kf3 Kf5 0-1

[Event "Lichtenrader Herbst"]
[Site "Berlin"]
[Date "2010.10.18"]
[Round "3.17"]
[White "Niehaus, Frank"]
[Black "Costello, Colin"]
[Result "1-0"]
[WhiteElo "2232"]
[BlackElo "1973"]
[PlyCount "91"]
[EventDate "2010.??.??"]
[WhiteTeam "SK König Tegel 1949 e.V."]
[BlackTeam "SC Weisse Dame e.V."]

1. e4 e6 2. d4 d5 3. Nc3 Bb4 4. e5 c5 5. a3 Bxc3+ 6. bxc3 Qc7 7. Qg4 f6 8. Qg3
Qf7 9. Nf3 Ne7 10. dxc5 Nbc6 11. Bd3 Bd7 12. O-O O-O-O 13. c4 dxc4 14. Bxc4 Nf5
15. Qf4 Nxe5 16. Nxe5 fxe5 17. Qxe5 Qf6 18. Bf4 Qxe5 19. Bxe5 Rhe8 20. Rfd1 Bc6
21. Kf1 g6 22. Rd3 Rd5 23. Bxd5 exd5 24. f4 Bb5 25. Kf2 Bxd3 26. cxd3 Kd7 27.
g4 Nh6 28. Kf3 Kc6 29. d4 Nf7 30. Re1 Kb5 31. Rb1+ Kc6 32. h4 h6 33. a4 g5 34.
hxg5 hxg5 35. Rh1 gxf4 36. Bxf4 Rf8 37. Kg3 Kd7 38. g5 Ke6 39. Kg4 Rh8 40. Rb1
Nd8 41. Be5 Rg8 42. Bf6 Nf7 43. Rxb7 Nh6+ 44. Kf4 Nf5 45. Rxa7 Nh4 46. Re7# 1-0

[Event "Lichtenrader Herbst"]
[Site "Berlin"]
[Date "2010.10.18"]
[Round "3.18"]
[White "Muskewitz, Bernd"]
[Black "Lueders, Gerhard"]
[Result "1/2-1/2"]
[WhiteElo "2026"]
[BlackElo "2204"]
[PlyCount "90"]
[EventDate "2010.??.??"]
[WhiteTeam "TSG Oberschöneweide e.V."]
[BlackTeam "BSC Rehberge 1945 e.V."]

1. d4 g6 2. g3 Bg7 3. Bg2 d6 4. Nf3 c6 5. c4 Nf6 6. Nc3 O-O 7. O-O a6 8. a4 a5
9. e4 Na6 10. Re1 Nb4 11. Na2 Na6 12. Bd2 Bg4 13. h3 Bxf3 14. Bxf3 Nd7 15. Bc3
e5 16. d5 c5 17. Bd2 h6 18. Nc3 Nc7 19. Nb5 Nxb5 20. axb5 f5 21. Qc1 Kh7 22.
Bg2 b6 23. Ra2 Qf6 24. Rf1 f4 25. Ra3 g5 26. g4 Qg6 27. f3 Nf6 28. Kf2 Kg8 29.
Rh1 h5 30. Qc2 Kf7 31. Qd3 Rh8 32. Ke2 Rh7 33. Raa1 Rah8 34. Rag1 Ke7 35. Qb1
Qe8 36. b3 Qc8 37. Qf1 Kd8 38. Be1 Bf8 39. Kd3 a4 40. bxa4 Qa8 41. Bc3 hxg4 42.
hxg4 Rxh1 43. Rxh1 Rxh1 44. Bxh1 Qxa4 45. Qa1 Qxa1 1/2-1/2

[Event "Lichtenrader Herbst"]
[Site "Berlin"]
[Date "2010.10.18"]
[Round "3.19"]
[White "Major, Vitalij"]
[Black "Wolf, Fritjof"]
[Result "1-0"]
[WhiteElo "2157"]
[BlackElo "1956"]
[PlyCount "57"]
[EventDate "2010.??.??"]
[WhiteTeam "SC Zitadelle Spandau 1977 e.V."]
[BlackTeam "SC Stadthagen"]

1. d4 Nf6 2. Nf3 e6 3. c4 b6 4. g3 Bb7 5. Bg2 Bb4+ 6. Nc3 Bxc3+ 7. bxc3 d6 8.
O-O O-O 9. Qb3 c5 10. Rd1 Qe7 11. Bf4 Rd8 12. dxc5 dxc5 13. Rxd8+ Qxd8 14. a4
Nbd7 15. a5 Qc8 16. h3 Ne8 17. g4 f6 18. Be3 Nd6 19. g5 Qc7 20. gxf6 gxf6 21.
Nd2 Kf7 22. axb6 Nxb6 23. f3 Rg8 24. Bf2 Nf5 25. Rxa7 Rg6 26. Qb5 Ne3 27. Bxe3
Qg3 28. Rxb7+ Kf8 29. Bxc5+ 1-0

[Event "Lichtenrader Herbst"]
[Site "Berlin"]
[Date "2010.10.18"]
[Round "3.20"]
[White "Grosse-Honebrink, Brigitte"]
[Black "Buttkus, Andre"]
[Result "0-1"]
[WhiteElo "1882"]
[BlackElo "2088"]
[PlyCount "104"]
[EventDate "2010.??.??"]
[WhiteTeam "SC Kreuzberg e.V."]
[BlackTeam "SK Tempelhof 1931 e.V."]

1. d4 Nf6 2. Nf3 e6 3. Bg5 c5 4. e3 b6 5. Be2 Bb7 6. O-O Be7 7. c4 O-O 8. Nc3
a6 9. Rc1 cxd4 10. Nxd4 Qc8 11. Bf3 Bxf3 12. Qxf3 Ra7 13. b3 d6 14. Rfd1 Rc7
15. Nde2 Nbd7 16. Bxf6 Nxf6 17. Ne4 Nxe4 18. Qxe4 Rd8 19. h3 Bf6 20. Qb1 Qb7
21. Ng3 h6 22. Nh5 Be7 23. Qb2 Bf8 24. Rd4 Rc5 25. Ng3 g6 26. Qd2 f5 27. Rd1 b5
28. cxb5 axb5 29. Ne2 Qc8 30. Rc1 Rxc1+ 31. Qxc1 Qxc1+ 32. Nxc1 Rc8 33. Rd1 d5
34. Ne2 Kf7 35. Rc1 Rxc1+ 36. Nxc1 b4 37. Kf1 e5 38. Ke1 Ke6 39. Kd2 g5 40. g3
Bc5 41. Nd3 Kd6 42. Ne1 e4 43. Nc2 Ke5 44. Ke2 h5 45. f3 exf3+ 46. Kxf3 g4+ 47.
hxg4 fxg4+ 48. Ke2 Ke4 49. Ne1 Bd6 50. Kf2 d4 51. Nc2 d3 52. Nd4 Bxg3+ 0-1

[Event "Lichtenrader Herbst"]
[Site "Berlin"]
[Date "2010.10.19"]
[Round "4.1"]
[White "Meissner, Hans-Juergen"]
[Black "Graf, Alexander"]
[Result "0-1"]
[WhiteElo "2233"]
[BlackElo "2606"]
[PlyCount "114"]
[EventDate "2010.??.??"]
[WhiteTeam "SV Empor Berlin e.V."]
[BlackTeam "SK König Plauen"]

1. e4 e5 2. Nf3 Nc6 3. Bb5 a6 4. Ba4 Nf6 5. O-O Nxe4 6. d4 b5 7. Bb3 d5 8. dxe5
Be6 9. c3 Qd7 10. Be3 Rd8 11. Nbd2 Nxd2 12. Bxd2 Be7 13. Re1 d4 14. cxd4 Nxd4
15. Nxd4 Qxd4 16. Bc3 Qf4 17. Qc1 Qxc1 18. Rexc1 c5 19. Ba5 Rd7 20. Rd1 c4 21.
Bc2 Bc5 22. Rxd7 Kxd7 23. Rd1+ Ke7 24. a3 Rc8 25. Be4 g6 26. Kf1 c3 27. Bxc3
Bxa3 28. Ke2 Bc4+ 29. Ke3 Bc5+ 30. Bd4 a5 31. f4 a4 32. Rc1 Bxd4+ 33. Kxd4 Rd8+
34. Kc5 Bb3 35. Kxb5 Rd2 36. Rb1 Rf2 37. Bf3 Ke6 38. Kb4 Kf5 39. Ka3 Kxf4 40.
Re1 h5 41. Bc6 h4 42. Re4+ Kg5 43. h3 Rxg2 44. Rxa4 Rg3 45. Rg4+ Rxg4 46. hxg4
Bc4 47. b4 Kf4 48. b5 Kxe5 49. b6 Kd6 50. Bg2 g5 51. Kb4 Be2 52. Ka5 f6 53. Bh3
Bd3 54. Bg2 Bc4 55. Bh3 Be2 56. Bg2 Kd7 57. Bb7 h3 0-1

[Event "Lichtenrader Herbst"]
[Site "Berlin"]
[Date "2010.10.19"]
[Round "4.2"]
[White "Rabiega, Robert"]
[Black "Dauth, Benjamin"]
[Result "1-0"]
[WhiteElo "2515"]
[BlackElo "2322"]
[PlyCount "85"]
[EventDate "2010.??.??"]
[WhiteTeam "SK König Tegel 1949 e.V."]
[BlackTeam "SC Rotation Pankow e.V."]

1. e4 c5 2. c3 d5 3. exd5 Qxd5 4. d4 Nf6 5. Nf3 Bg4 6. dxc5 Qxc5 7. h3 Bh5 8.
Na3 e6 9. Be3 Qa5 10. Nc4 Qd5 11. Qb3 Bxf3 12. gxf3 b5 13. Nd2 a6 14. Rg1 Nbd7
15. Rg5 Qb7 16. f4 h6 17. Bg2 Qc8 18. Rg3 Nh5 19. Rg4 Nhf6 20. Rg3 Nh5 21. f5
Nc5 22. Bxc5 Bxc5 23. fxe6 O-O 24. Bxa8 Nxg3 25. Bd5 Qc7 26. exf7+ Kh8 27.
O-O-O Bxf2 28. Qb4 Bc5 29. Qg4 Qe5 30. Nf3 Qe3+ 31. Kb1 Qe2 32. Nh4 Qxg4 33.
hxg4 Rd8 34. Ng6+ Kh7 35. f8=Q Bxf8 36. Bg8+ Kxg6 37. Rxd8 Be7 38. Ra8 Kg5 39.
Be6 Ne4 40. Rxa6 Nf2 41. Rb6 Nxg4 42. Rxb5+ Kh4 43. a4 1-0

[Event "Lichtenrader Herbst"]
[Site "Berlin"]
[Date "2010.10.19"]
[Round "4.3"]
[White "Cusnariov, Nicolai"]
[Black "Stern, Rene"]
[Result "0-1"]
[WhiteElo "2170"]
[BlackElo "2506"]
[PlyCount "146"]
[EventDate "2010.??.??"]
[WhiteTeam "USV Potsdam e.V., Abt. Schach"]
[BlackTeam "SK König Tegel 1949 e.V."]

1. d4 Nf6 2. Nf3 e6 3. c4 d5 4. Bg5 Be7 5. e3 O-O 6. Nc3 Nbd7 7. Rc1 c6 8. Bd3
dxc4 9. Bxc4 Nd5 10. Bxe7 Qxe7 11. O-O Nxc3 12. Rxc3 e5 13. dxe5 Nxe5 14. Nxe5
Qxe5 15. f4 Qe4 16. Qd3 Qxd3 17. Bxd3 Re8 18. Kf2 Be6 19. Bc4 Rad8 20. Bxe6
Rxe6 21. Re1 f5 22. Re2 Kf7 23. Rcc2 Rd3 24. Rc1 h5 25. g3 b6 26. h3 c5 27. Rg1
Rh6 28. e4 fxe4 29. Rxe4 Re6 30. Rxe6 Kxe6 31. Re1+ Kd6 32. Re2 h4 33. gxh4
Rxh3 34. Ke1 Rxh4 35. Rg2 Rh7 36. Kd2 Ke6 37. Ke3 Kf5 38. Rg5+ Kf6 39. Rg2 Rh1
40. Rd2 Ra1 41. a3 Re1+ 42. Kf3 Ke6 43. Rg2 Kf7 44. Rd2 Ke8 45. f5 Ke7 46. Kf4
Rf1+ 47. Ke5 Rg1 48. Kf4 g5+ 49. fxg6 Rxg6 50. Rh2 Re6 51. Kf5 Re1 52. Rd2 Re3
53. Kf4 Re6 54. Kf5 Re1 55. Kf4 Ke6 56. Rd8 Rc1 57. Rd2 c4 58. Ke4 c3 59. bxc3
Rxc3 60. Ra2 Kd6 61. Kd4 Rc1 62. Rb2 Kc6 63. a4 Ra1 64. Rb4 Ra3 65. Rc4+ Kb7
66. Kd5 Rd3+ 67. Rd4 Rxd4+ 68. Kxd4 Kc6 69. Kc4 a6 70. Kd4 Kd6 71. Kc4 Ke5 72.
a5 b5+ 73. Kc5 Ke6 0-1

[Event "Lichtenrader Herbst"]
[Site "Berlin"]
[Date "2010.10.19"]
[Round "4.4"]
[White "Richter, Michael"]
[Black "Syre, Christian"]
[Result "1-0"]
[WhiteElo "2459"]
[BlackElo "2264"]
[PlyCount "119"]
[EventDate "2010.??.??"]
[WhiteTeam "Schachpinguine Berlin e.V."]
[BlackTeam "TSG Oberschöneweide e.V."]

1. d4 g6 2. c4 Bg7 3. Nc3 c5 4. d5 Nf6 5. e4 d6 6. Nf3 O-O 7. h3 e6 8. Bd3 exd5
9. cxd5 b5 10. Nxb5 Re8 11. O-O Nxe4 12. Re1 a6 13. Nc3 Nxc3 14. Rxe8+ Qxe8 15.
bxc3 Nd7 16. Rb1 Ne5 17. Nxe5 Bxe5 18. Qb3 Kg7 19. Bd2 Qd7 20. f4 Bf6 21. f5 g5
22. Qc4 h6 23. h4 Qd8 24. Qg4 Bd7 25. hxg5 hxg5 26. Rb7 Bc8 27. Rb1 Bd7 28. Kf2
c4 29. Bxc4 Bb5 30. Bb3 Bd3 31. Rh1 Qd7 32. Bxg5 Qxf5+ 33. Qxf5 Bxf5 34. Bh6+
Kg8 35. Rc1 Rc8 36. Bd2 Bd3 37. Bf4 Bxc3 38. Kf3 Bf5 39. Bxd6 Bd7 40. Bf4 Bb4
41. Rxc8+ Bxc8 42. Ba4 Ba5 43. Bc6 Bd8 44. Ke4 Kg7 45. Bb8 Kf6 46. Kd4 Bb6+ 47.
Kc4 Bf5 48. Bb7 Bg4 49. Kb4 Be2 50. d6 Bf2 51. Bc7 Be1+ 52. Kb3 Bg3 53. Bb8 Bh4
54. Bc8 Kg7 55. Bc7 Bg3 56. Kb4 Bf1 57. Ka5 Be1+ 58. Kb6 Bf2+ 59. Kb7 Bxg2+ 60.
Kxa6 1-0